8080/8085 assembly languege programming manual : Order number 98003018

Guardado en:
Detalles Bibliográficos
Formato: Libro
Lenguaje:inglés
Publicado: Santa Clara : Intel Corporation, 1977
Etiquetas: Agregar Etiqueta
Sin Etiquetas, Sea el primero en etiquetar este registro!

MARC

LEADER 00000nam a22000003a 4500
001 stu8920
005 20201020165619.8
008 960425s1977----xxu-----------------eng-d
040 |a STU  |b slo 
041 0 |a eng 
044 |a xxu 
080 |a 681.32.06 
080 |a 519.682 
245 |a 8080/8085 assembly languege programming manual :  |b Order number 98003018 
260 |a Santa Clara :  |b Intel Corporation,  |c 1977 
300 |a Nestr 
996 |c I*17A3585  |l I  |s A  |a 24  |w stu8920_0001